[Event "World Open: 5-Day"]
[Site "Philadelphia, PA"]
[Date "2003.07.04"]
[Round "4"]
[White "Paschall, William"]
[Black "Delaune, Richard K"]
[Result "1-0"]
[WhiteElo "2494"]
[BlackElo "2355"]
[PlyCount "97"]
[EventDate "2003.??.??"]

1. Nf3 Nf6 2. d4 d5 3. c4 c6 4. Nc3 dxc4 5. a4 Bf5 6. e3 e6 7. Bxc4 Bb4 8. O-O
O-O 9. Qe2 Bg6 10. Ne5 Nbd7 11. Nxg6 hxg6 12. Rd1 Qa5 13. Bd2 Rad8 14. Be1 Nb6
15. Bb3 Nbd5 16. Rac1 Qb6 17. Ba2 Rfe8 18. e4 Ne7 19. Qc4 Bxc3 20. bxc3 Nxe4
21. Rb1 Qc7 22. Qb3 b6 23. f3 Nf6 24. Bg3 Qd7 25. c4 Qc8 26. a5 bxa5 27. Bf2
Rd7 28. Qa3 Red8 29. Bb3 Qa6 30. g4 Rb8 31. Ba2 Rb6 32. Ra1 Rb8 33. Bb3 Qb6 34.
Rdb1 Qb4 35. Bc2 Qd6 36. Qc3 Rxb1+ 37. Rxb1 Qc7 38. Bg3 Qd8 39. Rb8 Nc8 40. Ba4
Kh7 41. Be5 Re7 42. Qa3 Ng8 43. Qc5 f6 44. Bg3 Rf7 45. Bxc6 Nge7 46. Bb7 Rf8
47. d5 exd5 48. cxd5 Re8 49. d6 1-0

[Event "World Open: 5-Day"]
[Site "Philadelphia, PA"]
[Date "2003.07.04"]
[Round "4"]
[White "Kiewra, Keaton F"]
[Black "Bonin, Jay R"]
[Result "1/2-1/2"]
[WhiteElo "2156"]
[BlackElo "2440"]
[PlyCount "66"]
[EventDate "2003.??.??"]

1. e4 c6 2. Nc3 d6 3. d4 a6 4. f4 d5 5. e5 h5 6. Bd3 Bg4 7. Be2 e6 8. g3 Bxe2
9. Ncxe2 c5 10. c3 Nc6 11. Nf3 Nh6 12. Be3 Nf5 13. Qd3 Qb6 14. O-O-O c4 15. Qd2
Qa5 16. Kb1 b5 17. h3 b4 18. g4 bxc3 19. Nxc3 Nxe3 20. Qxe3 Rb8 21. f5 Ba3 22.
Rd2 hxg4 23. Ng5 Be7 24. fxe6 Bxg5 25. Qxg5 Qxc3 26. Qxg7 Rf8 27. exf7+ Rxf7
28. Qg8+ Ke7 29. Qxb8 Qxd2 30. Qd6+ Ke8 31. Qxc6+ Kf8 32. Qc8+ Ke7 33. Ka1 Qd3
1/2-1/2

[Event "World Open: 5-Day"]
[Site "Philadelphia, PA"]
[Date "2003.07.04"]
[Round "4"]
[White "Benjamin, Joel"]
[Black "Yoshiharu, Habu"]
[Result "1/2-1/2"]
[WhiteElo "2673"]
[BlackElo "2351"]
[PlyCount "128"]
[EventDate "2003.??.??"]

1. e4 c5 2. Nf3 d6 3. Bc4 Nf6 4. d3 e6 5. Bb3 Be7 6. c3 O-O 7. O-O Nc6 8. Re1
d5 9. Nbd2 b5 10. e5 Nd7 11. d4 Ba6 12. Nf1 b4 13. Ng3 bxc3 14. bxc3 cxd4 15.
cxd4 Rc8 16. Nh5 Nb4 17. Re3 Qc7 18. Bd2 Nd3 19. Qb1 g6 20. Ng3 Nb4 21. h4 Nc6
22. Rc3 Qb6 23. Be3 Nb4 24. Rxc8 Rxc8 25. Qd1 Bc4 26. Ba4 Qb7 27. Qd2 Nb6 28.
Bd1 Ba6 29. Rb1 Nc4 30. Qe1 Nxe3 31. Qxe3 Qc7 32. Ne2 Nxa2 33. Ra1 Nb4 34. Bb3
Bxe2 35. Qxe2 Qc3 36. Qd1 Rc7 37. Rb1 a5 38. Ba4 h5 39. g3 Qa3 40. Ra1 Qd3 41.
Kg2 Rc3 42. Qxd3 Nxd3 43. Bb5 Bb4 44. Rb1 Kf8 45. Ng1 Nc1 46. Ba4 Kg7 47. Nf3
Ne2 48. Rb2 Nc1 49. Rb1 Nd3 50. Bb5 Ba3 51. Bxd3 Rxd3 52. Rb7 Bc1 53. Rc7 Bh6
54. Ra7 Ra3 55. Ng5 Bxg5 56. hxg5 Ra4 57. f4 Rxd4 58. Rxa5 h4 59. Ra8 Rd2+ 60.
Kh3 hxg3 61. Kxg3 Rb2 62. Rd8 Rb3+ 63. Kg2 Rd3 64. Rc8 Rd2+ 1/2-1/2

[Event "World Open: 5-Day"]
[Site "Philadelphia, PA"]
[Date "2003.07.04"]
[Round "4"]
[White "Wojtkiewicz, Alek"]
[Black "Benen, Samson"]
[Result "1-0"]
[WhiteElo "2619"]
[BlackElo "2324"]
[PlyCount "59"]
[EventDate "2003.??.??"]

1. Nf3 d5 2. d4 Nf6 3. c4 e6 4. g3 dxc4 5. Bg2 Nc6 6. Qa4 Bb4+ 7. Bd2 Nd5 8.
Qb5 O-O 9. Qxc4 Be7 10. O-O Bf6 11. Bc3 Nxc3 12. bxc3 g6 13. Nbd2 Na5 14. Qa4
b6 15. Ne5 Bb7 16. Bxb7 Nxb7 17. Nd7 Re8 18. Nxf6+ Qxf6 19. Qc6 Na5 20. Qxc7
Rec8 21. Qd7 Qf5 22. e4 Qh5 23. e5 Qe2 24. Rad1 Rxc3 25. Rfe1 Qa6 26. Ne4 Qc8
27. Qe7 Rc7 28. Qh4 h5 29. d5 exd5 30. Nf6+ 1-0

[Event "World Open: 5-Day"]
[Site "Philadelphia, PA"]
[Date "2003.07.04"]
[Round "4"]
[White "Zaitshik, Gennadi"]
[Black "Karklins, Andrew"]
[Result "1-0"]
[WhiteElo "2605"]
[BlackElo "2321"]
[PlyCount "123"]
[EventDate "2003.??.??"]

1. e4 c5 2. Nf3 Nc6 3. Nc3 g6 4. d4 cxd4 5. Nxd4 Bg7 6. Nb3 Nf6 7. Be2 O-O 8.
O-O d6 9. Bg5 Be6 10. Kh1 h6 11. Be3 d5 12. exd5 Nxd5 13. Nxd5 Qxd5 14. Qc1 Qe5
15. Nc5 Bf5 16. c3 b6 17. Nd3 Qe6 18. Nf4 Qc8 19. Rd1 Ne5 20. Nd5 Qb7 21. Bxh6
Be4 22. Bxg7 Kxg7 23. Qe3 Nd3 24. Rxd3 Bxd3 25. Qxd3 Rad8 26. c4 e6 27. Qc3+ f6
28. Ne3 Qe4 29. Kg1 Rf7 30. Re1 Rc7 31. b3 Qd4 32. Qxd4 Rxd4 33. Rd1 Rxd1+ 34.
Bxd1 f5 35. Kf1 Kf6 36. Ke2 Ke5 37. Kd3 Rh7 38. h3 Rd7+ 39. Kc3 Rd8 40. Be2 g5
41. Nf1 Kf6 42. Bf3 e5 43. Bd5 Rh8 44. Ne3 Rh4 45. Bb7 Rh8 46. b4 Rb8 47. Bc6
Rd8 48. Bd5 Rc8 49. a4 Rd8 50. b5 Rc8 51. f3 Rf8 52. g4 f4 53. Nd1 Rh8 54. Nf2
Ke7 55. c5 Rc8 56. Ne4 Rd8 57. Kc4 Rc8 58. c6 Rh8 59. Nxg5 Rh4 60. Kd3 Rh8 61.
Ke4 Kf6 62. c7 1-0

[Event "World Open: 5-Day"]
[Site "Philadelphia, PA"]
[Date "2003.07.04"]
[Round "4"]
[White "Lein, Anatoly Y"]
[Black "Tsyganov, Igor M"]
[Result "1/2-1/2"]
[WhiteElo "2473"]
[BlackElo "2219"]
[PlyCount "51"]
[EventDate "2003.??.??"]

1. e4 c5 2. c3 g6 3. d4 d5 4. exd5 Qxd5 5. Nf3 Bg7 6. Be2 cxd4 7. cxd4 Nf6 8.
Nc3 Qd8 9. O-O O-O 10. d5 e6 11. dxe6 Bxe6 12. Nd4 Bd7 13. Bf3 Nc6 14. Nxc6
Bxc6 15. Bxc6 bxc6 16. Qf3 Nd5 17. Rd1 Qa5 18. Bd2 Nxc3 19. Bxc3 Bxc3 20. Qxc3
Qxc3 21. bxc3 Rfd8 22. Kf1 Rab8 23. Rxd8+ Rxd8 24. Ke2 Rb8 25. Rd1 Kf8 26. Rd2
1/2-1/2

[Event "World Open: 5-Day"]
[Site "Philadelphia, PA"]
[Date "2003.07.04"]
[Round "4"]
[White "Kriventsov, Stanislav"]
[Black "Hanken, Jerome B"]
[Result "1-0"]
[WhiteElo "2396"]
[BlackElo "2200"]
[PlyCount "123"]
[EventDate "2003.??.??"]

1. e4 g6 2. d4 Bg7 3. Nc3 c6 4. Nf3 d5 5. h3 Nf6 6. Bd3 O-O 7. O-O Nbd7 8. e5
Ne8 9. Ne2 Nc7 10. Nf4 e6 11. h4 f6 12. exf6 Nxf6 13. Re1 Ng4 14. h5 g5 15. Nh3
h6 16. Nfxg5 e5 17. Nh7 Nxf2 18. Nxf2 Rxf2 19. dxe5 Qh4 20. Re3 d4 21. Qe1 dxe3
22. Bxe3 Rxg2+ (22... Rf4 23. g3 Rg4 {and -+ J.Hanken
}) 23. Kxg2 Qh3+ 24. Kg1
Bxe5 25. Qf2 Bg4 26. Be4 Bh2+ (26... Nd5) 27. Qxh2 Qxe3+ 28. Qf2 Qxf2+ 29. Kxf2
Kh8 30. Nf6 Rf8 31. Kg3 Bc8 32. Ng4 Bxg4 33. Kxg4 Ne6 34. Re1 Rf4+ 35. Kg3 Rf6
36. Rd1 Nf8 37. Kg4 Kg7 38. Bf5 Rf7 39. Rd6 c5 40. Kf4 Re7 41. a4 b6 42. Rc6
Rb7 43. b3 Rf7 44. Ke4 Rf6 45. Rc7+ Rf7 46. Rxf7+ Kxf7 47. Kd5 Kf6 48. Bg4 Kg5
49. Be2 Kf4 50. Kc6 Ke5 51. Kb7 Kd6 52. Kxa7 Kc7 53. Bg4 Nh7 54. Ka6 Nf6 55.
Bf3 Nd7 56. Kb5 Ne5 57. Be4 Nf7 58. Kc4 Kd6 59. Bg6 Ne5+ 60. Kb5 Kc7 61. a5
bxa5 62. Kxc5 1-0

[Event "World Open: 5-Day"]
[Site "Philadelphia, PA"]
[Date "2003.07.04"]
[Round "4"]
[White "Stancil, Kimani A"]
[Black "Jairo Carrillo"]
[Result "0-1"]
[WhiteElo "2132"]
[BlackElo "2295"]
[PlyCount "38"]
[EventDate "2003.??.??"]

1. e4 d5 2. exd5 Nf6 3. Be2 Nxd5 4. Nf3 g6 5. d4 Bg7 6. c4 Nb6 7. h3 O-O 8. Nc3
Nc6 9. Be3 e5 10. d5 Ne7 11. Bc5 Re8 12. h4 Bg4 13. Ng5 Bxe2 14. Qxe2 h6 15.
Nge4 Nd7 16. Be3 Nf5 17. h5 Nd4 18. Qd2 f5 19. Nc5 Nxc5 0-1

[Event "World Open: 5-Day"]
[Site "Philadelphia, PA"]
[Date "2003.07.04"]
[Round "4"]
[White "Sarkar, Justin"]
[Black "Hook, William E"]
[Result "1-0"]
[WhiteElo "2396"]
[BlackElo "2200"]
[PlyCount "57"]
[EventDate "2003.??.??"]

1. d4 e6 2. e4 d5 3. Nd2 Nf6 4. e5 Ng8 5. Bd3 b6 6. c3 Qd7 7. Ne2 Ba6 8. Bc2 c5
9. Nf3 Ne7 10. a3 Nec6 11. b4 Bc4 12. Rb1 a6 13. Be3 Qc7 14. Nd2 Bxe2 15. Kxe2
Nd7 16. f4 Be7 17. Nf3 O-O 18. h4 f6 19. Qd3 f5 20. dxc5 bxc5 21. Ng5 Bxg5 22.
hxg5 Ndxe5 23. fxe5 Qxe5 24. Rh4 c4 25. Qd2 f4 26. Bxh7+ Kf7 27. Rxf4+ Ke7 28.
Rbf1 Rxf4 29. Rxf4 1-0

[Event "World Open: 5-Day"]
[Site "Philadelphia, PA"]
[Date "2003.07.04"]
[Round "4"]
[White "Kelleher, Jeff"]
[Black "Weeramantry, Sunil"]
[Result "0-1"]
[WhiteElo "2084"]
[BlackElo "2215"]
[PlyCount "60"]
[EventDate "2003.??.??"]

1. e4 d6 2. d4 Nf6 3. Nc3 g6 4. Nf3 Bg7 5. Be3 O-O 6. h3 c6 7. a4 Qc7 8. Bc4
Nxe4 9. Bxf7+ Rxf7 10. Nxe4 Rf8 11. Qd2 Nd7 12. h4 Nf6 13. Nxf6+ exf6 14. h5
Re8 15. hxg6 hxg6 16. O-O-O b5 17. Bh6 bxa4 18. Bxg7 Qxg7 19. Rh6 g5 20. Rdh1
Bf5 21. Qa5 d5 22. Qxa4 Re2 23. c3 Qb7 24. Qa3 Kg7 25. g4 Be4 26. Nxg5 fxg5 27.
Re6 c5 28. f3 Rf8 29. fxe4 Rf4 30. Rhh6 Rf1# 0-1

[Event "World Open: 5-Day"]
[Site "Philadelphia, PA"]
[Date "2003.07.04"]
[Round "4"]
[White "Greengard, Michael"]
[Black "Shumowitz, Marvin"]
[Result "1-0"]
[WhiteElo "2300"]
[BlackElo "1990"]
[PlyCount "69"]
[EventDate "2003.??.??"]

1. d4 d6 2. e4 Nf6 3. Nc3 e5 4. Nf3 Nbd7 5. Bc4 Be7 6. Be3 O-O 7. O-O c6 8.
dxe5 dxe5 9. a4 Qc7 10. h3 Nc5 11. Bxc5 Bxc5 12. Qd2 h6 13. Nh4 Kh7 14. Qe2 Be6
15. Bxe6 fxe6 16. Qc4 Qe7 17. Nf3 Nd7 18. Ne2 a6 19. a5 g5 20. Rad1 Rad8 21.
Qc3 Bb4 22. Qb3 Nf6 23. Ng3 Bxa5 24. Nxe5 h5 25. Nf3 Kh6 26. h4 gxh4 27. Nxh4
Ng4 28. Rxd8 Bxd8 29. Nf3 h4 30. Ne2 e5 31. Rd1 Qf6 32. Qxb7 h3 33. Qd7 h2+ 34.
Nxh2 Nxh2 35. Kxh2 {white lost on time} 1-0

[Event "World Open: 5-Day"]
[Site "Philadelphia, PA"]
[Date "2003.07.04"]
[Round "4"]
[White "Morshedi, Ali"]
[Black "Bhatia, Beenish"]
[Result "1-0"]
[WhiteElo "2170"]
[BlackElo "2390"]
[PlyCount "61"]
[EventDate "2003.??.??"]

1. e4 c5 2. Nf3 Nc6 3. d4 cxd4 4. Nxd4 Nf6 5. Nc3 d6 6. Bc4 e6 7. Be3 Be7 8.
Bb3 O-O 9. Qe2 a6 10. O-O-O Qc7 11. Rhg1 Nd7 12. g4 Nc5 13. Bd5 Bd7 14. Nf5
Rfc8 15. g5 g6 16. Nh6+ Kg7 17. f4 exd5 18. exd5 Nb4 19. a3 a5 20. Bxc5 Qxc5
21. Qxe7 Na2+ 22. Kb1 Nxc3+ 23. Ka1 Nxd5 24. Qxf7+ Kh8 25. Rge1 Rf8 26. Qxd7
Qc6 27. Qxc6 bxc6 28. c4 Nxf4 29. Rxd6 Nh3 30. Re7 Nxg5 31. h4 1-0

[Event "World Open: 3-Day"]
[Site "Philadelphia, PA"]
[Date "2003.07.04"]
[Round "2"]
[White "Kis, Lorand B"]
[Black "Pasiuk, Zasilow R"]
[Result "1-0"]
[WhiteElo "2259"]
[BlackElo "2324"]
[PlyCount "76"]
[EventDate "2003.??.??"]

1. d4 e6 2. c4 f5 3. Nf3 Nf6 4. g3 d5 5. Bg2 c6 6. O-O Bd6 7. b3 O-O 8. Ba3
Bxa3 9. Nxa3 Nbd7 10. Nc2 Ne4 11. e3 Qf6 12. Nb4 Nd6 13. Qc2 g5 14. Nd3 Nf7 15.
Nd2 h5 16. f4 g4 17. c5 h4 18. Rfb1 Nd8 19. b4 Qe7 20. a4 a6 21. Ra2 Nf7 22. b5
axb5 23. axb5 Rxa2 24. Qxa2 cxb5 25. Rxb5 Nb8 26. Nb3 Qc7 27. Na5 h3 28. Bf1
Nc6 29. Nxc6 bxc6 30. Rb6 Bd7 31. Nb4 Nd8 32. Na6 Qa7 33. Qb2 Bc8 34. Nb8 Bd7
35. Ra6 Qc7 36. Qb6 Qxb6 37. cxb6 Bc8 38. Ra7 Rf7 1-0

[Event "World Open:  Open Section"]
[Site "Philadelphia, PA"]
[Date "2003.07.04"]
[Round "5"]
[White "Kudrin, Sergey"]
[Black "Jonkman, Harmen"]
[Result "0-1"]
[WhiteElo "2603"]
[BlackElo "2481"]
[PlyCount "72"]
[EventDate "2003.??.??"]

1. e4 e5 2. Bc4 Nf6 3. d3 Nc6 4. Nf3 Bc5 5. c3 a6 6. Nbd2 Ba7 7. Bb3 d6 8. Nf1
h6 9. Ng3 O-O 10. O-O Be6 11. Re1 Re8 12. Bxe6 Rxe6 13. Nh4 d5 14. Qe2 Qd7 15.
Nhf5 Rd8 16. Qf3 dxe4 17. dxe4 Qd3 18. Be3 Bxe3 19. Nxe3 Qb5 20. b4 Ne7 21.
Rad1 Rd3 22. a4 Qd7 23. a5 Red6 24. Rxd3 Rxd3 25. Rd1 c5 26. Rc1 cxb4 27. cxb4
Rb3 28. Rd1 Rd3 29. Rc1 Rd4 30. Ngf5 Nxf5 31. Nxf5 Rxe4 32. Nxh6+ Kh7 33. Nf5
Rxb4 34. g3 Rb5 35. g4 g6 36. Ne3 Kg7 0-1

[Event "World Open:  Open Section"]
[Site "Philadelphia, PA"]
[Date "2003.07.04"]
[Round "5"]
[White "Friedel, Joshua E"]
[Black "Kiriakov, Peter"]
[Result "1/2-1/2"]
[WhiteElo "2379"]
[BlackElo "2603"]
[PlyCount "54"]
[EventDate "2003.??.??"]

1. e4 e6 2. d4 d5 3. Nc3 Bb4 4. e5 c5 5. Qg4 Ne7 6. Nf3 Nbc6 7. a3 Ba5 8. Bd2
cxd4 9. Nxd4 Nxd4 10. Qxd4 Nf5 11. Qf4 O-O 12. Bd3 Nh4 13. Qg3 Ng6 14. O-O-O f5
15. exf6 Qxf6 16. Bxg6 Qxg6 17. Qxg6 hxg6 18. f3 Bd7 19. Ne4 dxe4 20. Bxa5 Bc6
21. fxe4 Rf2 22. Rd2 Rxd2 23. Kxd2 Bxe4 24. Ke3 Bxg2 25. Rg1 Bd5 26. Rxg6 Kf7
27. Rg4 Rh8 1/2-1/2

[Event "World Open:  Open Section"]
[Site "Philadelphia, PA"]
[Date "2003.07.04"]
[Round "5"]
[White "Yoshiharu, Habu"]
[Black "Sadvakasov, Darmen"]
[Result "0-1"]
[WhiteElo "2351"]
[BlackElo "2595"]
[PlyCount "68"]
[EventDate "2003.??.??"]

1. e4 c5 2. Nf3 d6 3. d4 cxd4 4. Nxd4 Nf6 5. Nc3 a6 6. Bc4 e6 7. Bb3 Nbd7 8.
Qe2 Nc5 9. Bg5 Be7 10. f4 h6 11. Bxf6 Bxf6 12. O-O-O Qc7 13. Kb1 Bd7 14. Rhe1
O-O-O 15. e5 dxe5 16. fxe5 Be7 17. Qf3 Rhf8 18. Qg3 g6 19. Bc4 Kb8 20. Be2 Bc8
21. Bf3 Nd7 22. Qf4 Nb6 23. Qxh6 Rh8 24. Qc1 Nc4 25. Qf4 g5 26. Qe4 Rh4 27. g4
Rxh2 28. Bg2 Nxe5 29. a3 Nc4 30. Qf3 Qf4 31. Nc6+ bxc6 32. Qxc6 Rxd1+ 33. Rxd1
Rxg2 34. Qxg2 Ne3 0-1

[Event "World Open:  Open Section"]
[Site "Philadelphia, PA"]
[Date "2003.07.04"]
[Round "5"]
[White "Annakov, Babakouly"]
[Black "Kiewra, Keaton F"]
[Result "1-0"]
[WhiteElo "2527"]
[BlackElo "2156"]
[PlyCount "132"]
[EventDate "2003.??.??"]

1. d4 Nf6 2. c4 g6 3. Nc3 Bg7 4. e4 d6 5. Nf3 O-O 6. Be2 e5 7. d5 a5 8. Bg5 h6
9. Bh4 g5 10. Bg3 Nh5 11. h4 g4 12. Nd2 Qf6 13. Bxg4 Nxg3 14. fxg3 Qg6 15. Bxc8
Qxg3+ 16. Kf1 Rxc8 17. Rh3 Qf4+ 18. Kg1 Nd7 19. Qe2 Nf6 20. Rf1 Qg4 21. Qxg4
Nxg4 22. Rg3 h5 23. Rf5 Bh6 24. Rxh5 Bxd2 25. Rxg4+ Kf8 26. Ne2 Ke7 27. Kf2 Rh8
28. Rf5 Rag8 29. Rxg8 Rxg8 30. g3 Rg6 31. b3 Rf6 32. g4 Rh6 33. Ng1 Bf4 34. h5
Rh8 35. Ne2 Bd2 36. Rf3 Bg5 37. Rc3 b6 38. a3 Ra8 39. Kf3 Kd7 40. Kg3 Ke7 41.
Kg2 Bd2 42. Rd3 Bg5 43. Nc3 Bf4 44. Kh3 Bg5 45. Rf3 f6 46. Kg2 Kd7 47. Rh3 Bh6
48. Kf3 Ke7 49. Rh2 Bc1 50. Ra2 Bg5 51. b4 Ke8 52. Ke2 Kd7 53. Kd3 Bf4 54. c5
bxc5 55. bxc5 dxc5 56. Na4 Kd6 57. Rc2 Rg8 58. Rxc5 Rxg4 59. Rc6+ Ke7 60. Nc5
Rg3+ 61. Kc4 Rg1 62. Rxc7+ Ke8 63. d6 Rd1 64. Re7+ Kd8 65. Ne6+ Kc8 66. d7+
Rxd7 1-0

[Event "World Open:  Open Section"]
[Site "Philadelphia, PA"]
[Date "2003.07.04"]
[Round "5"]
[White "Bhatia, Beenish"]
[Black "Peterson, William"]
[Result "0-1"]
[WhiteElo "2390"]
[BlackElo "2242"]
[PlyCount "59"]
[EventDate "2003.??.??"]

1. e4 e5 2. Nf3 Nc6 3. Bc4 Bc5 4. c3 Nf6 5. b4 Bb6 6. d3 d6 7. Nbd2 O-O 8. O-O
a6 9. Bb3 Be6 10. Bc2 Ba7 11. a3 d5 12. Qe2 dxe4 13. dxe4 Nh5 14. Nxe5 Nf4 15.
Qf3 Nh3+ 16. gxh3 Nxe5 17. Qg3 Qf6 18. Kh1 Nc4 19. Nxc4 Bxc4 20. Bg5 Qc6 21.
Rg1 g6 22. Bh6 Rfe8 23. h4 Rxe4 24. Bxe4 Qxe4+ 25. f3 Qf5 26. Rge1 Bd5 27. Bf4
Qd3 28. Rf1 c6 29. Be5 Re8 30. Rad1 {Black won a few moves later.} 0-1

[Event "World Open:  Open Section"]
[Site "Philadelphia, PA"]
[Date "2003.07.04"]
[Round "5"]
[White "Brustman, Agnieszka"]
[Black "Dean, Jim H"]
[Result "1/2-1/2"]
[WhiteElo "2404"]
[BlackElo "2232"]
[PlyCount "89"]
[EventDate "2003.??.??"]

1. e4 c6 2. d4 d5 3. Nc3 dxe4 4. Nxe4 Nf6 5. Ng3 h5 6. h3 h4 7. N3e2 Bf5 8. Nf3
Ne4 9. Nf4 e6 10. c3 Nd7 11. Bd3 Qc7 12. Qe2 Ndf6 13. Ng5 Nxg5 14. Bxf5 O-O-O
15. Bc2 Bd6 16. Ng6 fxg6 17. Bxg5 e5 18. O-O-O Kb8 19. dxe5 Bxe5 20. Kb1 Bf4
21. Bxf4 Qxf4 22. Rhe1 Rhe8 23. Rxd8+ Rxd8 24. Rd1 Rxd1+ 25. Qxd1 Nd5 26. Qe2
g5 27. a3 a6 28. Bb3 Qf5+ 29. Ka2 Nf4 30. Qe8+ Ka7 31. Qe3+ Kb8 32. Qf3 Qe5 33.
Bc2 Kc7 34. Be4 Qe6+ 35. Ka1 Qc4 36. Qe3 Qf1+ 37. Ka2 Nxg2 38. Bxg2 Qxg2 39.
Qe5+ Kb6 40. Qd4+ Kc7 41. Qxg7+ Kb6 42. Qd4+ Kc7 43. Qe5+ Kb6 44. Qd4+ Kc7 45.
Qe5+ 1/2-1/2

[Event "World Open: 3-Day"]
[Site "Philadelphia, PA"]
[Date "2003.07.04"]
[Round "5"]
[White "Negulescu, Adrian"]
[Black "Browne, Walter S"]
[Result "1/2-1/2"]
[WhiteElo "2421"]
[BlackElo "2556"]
[PlyCount "39"]
[EventDate "2003.??.??"]

1. e4 c5 2. Nf3 d6 3. Bb5+ Nd7 4. d4 Ngf6 5. Nc3 a6 6. Bxd7+ Nxd7 7. O-O e6 8.
dxc5 Nxc5 9. Bf4 Qc7 10. Qd2 b5 11. b4 Na4 12. Nxa4 bxa4 13. Qd3 e5 14. Be3 Be6
15. Nd2 Be7 16. c4 O-O 17. Rac1 Rfc8 18. a3 Qb7 19. f3 Rc7 20. Rc2 1/2-1/2

[Event "World Open"]
[Site "Philadelphia, PA"]
[Date "2003.07.05"]
[Round "6"]
[White "Anka, Emil"]
[Black "Ibragimov, Ildar"]
[Result "1-0"]
[WhiteElo "2512"]
[BlackElo "2647"]
[PlyCount "105"]
[EventDate "2003.??.??"]

1. e4 e5 2. Nf3 Nc6 3. Bb5 a6 4. Ba4 Nf6 5. O-O Be7 6. Re1 b5 7. Bb3 d6 8. c3
O-O 9. h3 Na5 10. Bc2 c5 11. d4 Nd7 12. b3 exd4 13. cxd4 cxd4 14. Nxd4 Bf6 15.
Nc3 Nb6 16. Qd3 g6 17. a4 bxa4 18. Nxa4 Nxa4 19. Rxa4 Bd7 20. Ra2 Nb7 21. Be3
Nc5 22. Qd2 Re8 23. f3 a5 24. Rea1 Rb8 25. Rxa5 Ne6 26. Ra6 Nxd4 27. Bxd4 Be6
28. Bxf6 Qxf6 29. Rb1 Rec8 30. Rxd6 Qe5 31. Bd1 Qg3 32. Kh1 h5 33. Rd3 g5 34.
f4 Qxf4 35. Qxf4 gxf4 36. Rf3 Rb4 37. Rxf4 Rc5 38. Rh4 Kg7 39. Rxh5 Rxh5 40.
Bxh5 Rxb3 41. Rxb3 Bxb3 42. e5 Kh6 43. Bg4 Kg5 44. g3 Bd5+ 45. Kg1 Bc4 46. Kf2
Bb3 47. Ke3 Bc4 48. Bd7 Bb3 49. Kd4 Kg6 50. Kc5 Kg7 51. Kd6 Kg6 52. Ke7 Kg7 53.
Be8 1-0

[Event "World Open"]
[Site "Philadelphia, PA"]
[Date "2003.07.05"]
[Round "6"]
[White "Shabalov, Alexander"]
[Black "Jonkman, Harmen"]
[Result "1-0"]
[WhiteElo "2644"]
[BlackElo "2481"]
[PlyCount "137"]
[EventDate "2003.??.??"]

1. c4 Nf6 2. d4 e6 3. Nf3 b6 4. Nc3 Bb4 5. Qb3 Bxc3+ 6. Qxc3 Bb7 7. g3 O-O 8.
Bg2 d6 9. O-O Nbd7 10. b4 Be4 11. a4 c6 12. Bf4 Qe7 13. Rfc1 Rfc8 14. Bf1 a5
15. bxa5 Rxa5 16. Nd2 Bg6 17. Bg2 c5 18. dxc5 Raxc5 19. Qb4 Ng4 20. Bf3 Nge5
21. Bb7 R8c7 22. Ba6 Nc6 23. Qb2 Ra5 24. Bb5 Nc5 25. Rd1 Ra8 26. Nf3 e5 27. Be3
Na5 28. Ra3 Bf5 29. Qd2 Rd8 30. Ra2 f6 31. Qb4 Be6 32. Rad2 Nab7 33. Ne1 h6 34.
Nd3 Rcc8 35. Qa3 Qf7 36. Nb4 Bxc4 37. Bxc4 Qxc4 38. Nd5 Qxa4 39. Qxa4 Nxa4 40.
Ne7+ Kf7 41. Nxc8 Rxc8 42. Bxb6 Ke6 43. Be3 d5 44. Ra1 Nc3 45. Ra6+ Nd6 46. Ba7
Kd7 47. Rb2 Ndb5 48. Ra5 Kc6 49. Be3 d4 50. Bc1 Kb6 51. Ra1 e4 52. Kf1 Kc5 53.
Bd2 Nd6 54. e3 Nc4 55. exd4+ Kxd4 56. Bxc3+ Kxc3 57. Rb7 g5 58. Ra6 f5 59. h4
Rc5 60. Rd6 Ra5 61. Rxh6 Ra1+ 62. Kg2 e3 63. Re7 Ra2 64. g4 e2 65. Rc6 Rd2 66.
Rc5 Kd4 67. Rb5 Nd6 68. Rbe5 Kd3 69. Re3+ 1-0

[Event "World Open"]
[Site "Philadelphia, PA"]
[Date "2003.07.05"]
[Round "6"]
[White "Zaitshik, Gennadi"]
[Black "Zatonskih, Anna"]
[Result "1/2-1/2"]
[WhiteElo "2605"]
[BlackElo "2475"]
[PlyCount "120"]
[EventDate "2003.??.??"]

1. e4 e6 2. d3 d5 3. Nd2 c5 4. g3 Nc6 5. Bg2 Nf6 6. Ngf3 Be7 7. O-O b6 8. Re1
Bb7 9. a3 h6 10. c3 a5 11. a4 Ba6 12. exd5 exd5 13. Nf1 O-O 14. d4 cxd4 15.
Nxd4 Nxd4 16. Qxd4 Bc5 17. Qf4 Re8 18. Rxe8+ Qxe8 19. b4 Bxf1 20. Bxf1 Bf8 21.
bxa5 Rxa5 22. Be3 Bc5 23. Bxc5 Rxc5 24. Rb1 Qd8 25. Qd4 Qc7 26. Kg2 Nd7 27. Re1
Nf6 28. Re3 Ne4 29. c4 Nf6 30. cxd5 Rxd5 31. Re8+ Nxe8 32. Qxd5 Nf6 33. Qd4 Nd7
34. Bc4 Nc5 35. Qd5 g6 36. h4 Kg7 37. Qd4+ Kg8 38. Qd5 Kg7 39. Qd4+ Kg8 40. Qf6
Ne6 41. Bxe6 Qc6+ 42. Kf1 Qh1+ 43. Ke2 Qe4+ 44. Kd2 fxe6 45. Kc3 h5 46. Qd4
Qc6+ 47. Kd2 Kf7 48. Ke3 Qc1+ 49. Kf3 Qc6+ 50. Ke3 Qc1+ 51. Kd3 Qd1+ 52. Ke4
Qc2+ 53. Kf3 Qc6+ 54. Qe4 Qc3+ 55. Kg2 Qc5 56. f3 Qf5 57. Qd4 Qc2+ 58. Kf1 Qc1+
59. Ke2 Qc2+ 60. Ke1 Qc1+ 1/2-1/2

[Event "World Open"]
[Site "Philadelpphia, PA"]
[Date "2003.07.05"]
[Round "7"]
[White "Plunkett, Robert"]
[Black "Fink, Stanley W"]
[Result "0-1"]
[WhiteElo "2068"]
[BlackElo "2219"]
[PlyCount "64"]
[EventDate "2003.??.??"]

1. e4 c5 2. Nf3 d6 3. d4 cxd4 4. Nxd4 Nf6 5. Nc3 e6 6. Bc4 Be7 7. Be3 O-O 8.
Qe2 d5 9. exd5 exd5 10. Bb3 Bb4 11. Qd3 Nc6 12. Nxc6 bxc6 13. O-O-O Ng4 14. h3
Nxe3 15. Qxe3 Qf6 16. Qd4 Qh6+ 17. Kb1 a5 18. Na4 Be6 19. a3 Be7 20. Qb6 Bf5
21. Qc7 Bd8 22. Qe5 Bg6 23. f4 Bf6 24. Qd6 Bg5 25. Qxc6 Bxf4 26. Nb6 Rab8 27.
Nd7 Rxb3 28. Nxf8 Be5 29. Qe8 Bxc2+ (29... Rxb2+ 30. Ka1 Rb8+) 30. Kxc2 Rxb2+
31. Kd3 Qa6+ 32. Ke3 Qe2# 0-1